000 00304nam a22001337a 4500
008 181019b xxu||||| |||| 00| 0 eng d
020 _a9780789723031
041 _aeng
080 _212 ed
_a004
100 _a37
101 _aSHK
245 _aUpgarding And Reparing Pcs
_cScott.M
942 _2udc
_cBK
999 _c50179
_d50179